| 000 | 00628nam a2200229Ia 4500 | ||
|---|---|---|---|
| 001 | dia_3033 | ||
| 003 | CHAP | ||
| 005 | 20230314114958.0 | ||
| 008 | 220117s1996 xx 000 0 und d | ||
| 010 | _a173538 | ||
| 040 | _cCHAP | ||
| 082 | _a725.4 T6 | ||
| 100 |
_aTompkins, James A. _9153928 |
||
| 245 |
_aFacilitles Planning / _c by James A. Tompkins |
||
| 260 |
_aNew york, John Wiley & Sons _c1996 |
||
| 300 | _a734 p. | ||
| 650 |
_aFabrica _xdiseño y construcción _9153929 |
||
| 901 | _a725.4 T6 | ||
| 902 | _aM | ||
| 905 | _a0000001996 NEWA 0000000000ING00 | ||
| 942 |
_cLIBRO _2ddc |
||
| 999 |
_c173538 _d173538 |
||